| 000 | 00000nam##2200000za#4500 |
| 001 | 9.662157 |
| 003 | CaOODSP |
| 005 | 20210615120417 |
| 007 | ta |
| 008 | 150407|2000||||xxc||||| f|0| 0 eng|d |
| 020 | |a0-662-66086-2 |
| 040 | |aCaOODSP|beng |
| 041 | |aeng |
| 041 | |afre |
| 043 | |an-cn--- |
| 086 | 1 |aH21-141/2000 |
| 110 | 1 |aCanada. |bHealth Canada. |bHealthy Environments and Consumer Safety Branch. |
| 245 | 10|aSustainable Development Strategy 2000 : |bsustaining our health / |cPrepared by Health Canada's Sustainable Development Working Group and the Office of Sustainable Development. |
| 260 | |aOttawa - Ontario : |bHealth Canada. |c2000. |
| 300 | |aEnglish text, 61p. : |breferences, tables ; |c28 cm. |
| 500 | |aN.B.: Incorrect catalogue number (H21-141/2000E) and ISBN (0-662-29363-0) printed in this publication. |
| 546 | |aBilingual |
| 563 | |aSoftcover |
| 590 | |a01-39|b2001-09-28 |
| 690 | 07|aHealth policy|2gcpds |
| 776 | 0#|tStratégie de développement durable 2000 : |w(CaOODSP)9.640462 |
| 776 | 0#|tSustainable development strategy 2000 : |w(CaOODSP)9.696345 |
| 792 | |tStratégie de développement durable 2000 : |efre|w(CaOODSP)9.662158 |